000 01455nam a22003497a 4500
003 CHAP
005 20220329134812.0
008 971013s1968 r 10010 d
010 _a26181
011 _a27153
035 _a31254
040 _cCHAP
082 _a634.21
_bI5 1968
111 0 0 _aInternational Symposium on Apricots and Apricot Culture (
_n4
_d: 1968
_c: Subotica, Yugoslavia)
_959876
245 _aReport
260 _aThe Hague :
_bInternational Society for Horticultural Science,
_c1968
300 _a3 v.
_b: ilus. ; gráfs
490 _aTechnical communications
_v; 11
590 _aBATCH-UPD
_b10
_c20130109
_lUCH01
_h2345
590 _aBATCH-UPD
_b10
_c20130110
_lUCH01
_h2135
590 _aCONVERSION
_b10
_c20130109
_lUCH01
_h1315
650 1 4 _aChabacano.
_921669
830 0 _aTechnical communications
_v; 11
_9111885
901 _aBK
942 _cLIBRO
949 _a634.21 I5 1968
_bBC
_cLIBRO
_d33724000204434
_eLIBRO
_fv.2 c.2
_h57751
_i31254
_si
_t621.00
949 _a634.21 I5 1968
_bBC
_cLIBRO
_d33724000204442
_eLIBRO
_fv.2
_h56169
_i31254
_si
_t621.00
949 _a634.21 I5 1968
_bBC
_cLIBRO
_d33724000204459
_eLIBRO
_fv.1 c.2
_h57750
_i31254
_si
_t621.00
949 _a634.21 I5 1968
_bBC
_cLIBRO
_d33724000204467
_eLIBRO
_fv.3 c.2
_h57752
_i31254
_si
_t621.00
949 _a634.21 I5 1968
_bBC
_cLIBRO
_d33724000204475
_eLIBRO
_fv.3
_h56170
_i31254
_si
_t621.00
949 _a634.21 I5 1968
_bBC
_cLIBRO
_d33724000204483
_eLIBRO
_fv.1
_h56168
_i31254
_si
_t621.00
999 _c26181
_d26181